=LDR 00000nam 2200000 4500 =001 000359 =005 20250711024342 =035 ##$$a 0010-0725000216 =007 ta =008 250711################a##########0#ind## =020 ##$$a 978-623-307-578-7 =082 ##$$a 398.280 2 =100 #$$a sanjay Jaiswal Sanjiv =245 1#$$a Hujan,Hujan! /$c Sanjiv Jaiswal sanjay =250 ##$$a pertama =260 ##$$a Jakarta :$b Badan Pengembangan dan Pembinaan Bahasa,$c 2022 =300 ##$$a 20hlm. : $b ilus. ; $c 21,5cm =650 #4$$a cerita anak terjemahan =650 #4$$a literasi bahan bacaan =700 #$$a Ajit Narayan =856 ##$$a TBM AS-SYUHADA =084 ##$$a 398.280 2 SAN h =990 ##$$a TBM202400076 =990 ##$$a TBM202400176 =990 ##$$a TBM202400182 =990 ##$$a TBM202400183